zpět

Detail výsledku týmu

U Soudu, Teplice

Datum a čas kvízu

32 Celkem bodů Celkový počet nahraných bodů na tomto kvízu bez doplňovacích otázek.
3. Pořadí na kvízu Konečné umístění týmu na tomto kvízu.

Zaznamenané odpovědi

# Otázka Odpověď Body Výsledky
1. Ministr pro sport, prevenci a... A 1
2. Co neobvyklého našli lékaři v... dělostřelecký granát 1
3. Jak se jmenuje festival zaměře... D) P*fest 1
4. Která fiktivní postava z fanta... B) Draco Malfoy 1
5. Německá olympionička Franziska... A 0
6. 29. května roku 1500 umírá pob... Bartolomeu Dias 0
7. 8. února 1700 se narodil Danie... A) proudění tekutin 1
8. Za kulatý letopočet budeme dne... Burgtheater 0
9. 16. listopadu 1900 se v Olomou... Eliška Junková 1
10. Od 15. září do 1. října 2000 s... Jan Železný; Sydney 0.5